Toutes les troupes de Clash of Clans - Statistiques

Statistiques générales
  • Ce quiz a été pris 118 fois
    63 depuis la dernière actualisation
  • Le résultat moyen est 55 sur 81
Statistiques - réponses
Hint Réponse % Correct
Troupes noires Archer
100%
Troupes Barbare
100%
Sorts Géant
100%
Dragon
98%
Héros Gobelin
98%
Sorts noirs Sapeur
96%
Super troupes Sorcier
96%
Machines de siège Ballon
94%
Gargouille
91%
Roi des barbares
91%
Électro-dragon
89%
Golem
89%
Grand gardien
89%
Familiers Guérisseuse
89%
P.E.K.K.A
89%
Sort de rage
89%
Valkyrie
89%
Chevaucheur de cochon
87%
Reine des archères
87%
Sort de foudre
87%
Sort de guérison
87%
Sort de gel
85%
Bébé dragon
83%
Championne royal
83%
Sorcière
83%
Mineur
79%
Sort d'empoisonnement
79%
Sort de saut
77%
Sort sismique
74%
Golem de glace
72%
Super barbare
72%
Yéti
72%
Bouliste
70%
Molosse de lave
70%
Supere archère
70%
Démolisseur
68%
Électro-titanide
68%
Super dragon
68%
Super sapeur
68%
Super sorcier
68%
Ballon à propulsion
66%
Sort de précipitation
66%
Super géant
62%
Super valkyrie
62%
Caserne de siège
60%
Chasseuse de tête
60%
Chevaucheur de dragon
60%
Sort de chauve-souris
60%
Sort d'invisibilité
60%
Super sorcière
60%
Catapulte d'esprits
57%
Dirigeable de combat
57%
Licorne
57%
Super chevaucheur
57%
Super mineur
57%
Lance-bûches
55%
Sort de rappel
55%
Cavalière sylvestre
53%
Sort squelettique
53%
Super bouliste
53%
Super gargouille
53%
Électro-chouette
51%
Foreuse de combat
51%
Renard spirituel
51%
Sort de clonage
51%
Cyclope
49%
Dragon de l'enfer
49%
Molosse de glace
49%
Yak robuste
49%
Druide
47%
L.A.S.S.I
47%
Phénix
47%
Apprenti gardien
45%
Gobelin furtif
45%
Lézard létal
43%
Broyeur de pierres
40%
Méduse colérique
40%
Pablo
36%
Sort de floraison
36%
Sort de résurrection
34%
Flocon
30%
Aucun quiz correspondant
Distribution des résultats
% des personnes avec chaque résultat
Percentile par nombre de réponses
Votre historique - résultats
Vous n’avez pas pris ce quiz depuis la dernière actualisation